| 000 | 01024nam a2200277 i 4500 | ||
|---|---|---|---|
| 001 | 185588 | ||
| 003 | ES-MaACL | ||
| 005 | 20230906222454.0 | ||
| 008 | 160720s1987 mx |||| | spa d | ||
| 020 | _a968-16-2191-3 | ||
| 080 | _a165.1 | ||
| 080 | _a159.961.2 | ||
| 100 | 1 |
_aJaynes, Julian. _9160177 |
|
| 245 | 1 | 3 |
_aEl origen de la conciencia en la ruptura de la mente bicameral / _cJulian Jaynes ; traducción de Agustín Bárcena ; revisión técnica del Dr. Héctor Pérez Rincón. |
| 250 | _a1ª ed. en español. | ||
| 260 |
_aMéxico D. F. : _bFondo de Cultura Económica, _c1987. |
||
| 300 |
_a388 p. ; _c23 cm. |
||
| 490 | 1 | _aBiblioteca de psicología y psicoanálisis | |
| 504 | _aReferencias bibliográficas. | ||
| 650 | 4 |
_aConciencia. _911241 |
|
| 650 | 4 |
_aAlucinaciones e ilusiones. _9135554 |
|
| 700 | 1 |
_aPérez Rincón, Héctor. _991108 |
|
| 830 | 0 |
_aBiblioteca de psicología y psicoanálisis _9179941 |
|
| 852 |
_aES-MaACL _jL-30462 _z. - Donat. Miguel A. Velasco |
||
| 999 |
_c185588 _d185588 |
||